El naufragio del Deutschland y otros poemas / (Record no. 80818)

MARC details
000 -LEADER
campo de control de longitud fija 00874nam a2200253 i 4500
001 - NÚMERO DE CONTROL
campo de control 80818
003 - IDENTIFICADOR DE NÚMERO DE CONTROL
campo de control ES-MaACL
005 - FECHA Y HORA DE LA ÚLTIMA TRANSACCIÓN
campo de control 20250315062549.0
007 - CAMPO FIJO DE DESCRIPCIÓN FÍSICA--INFORMACIÓN GENERAL
campo de control de longitud fija t|
008 - DATOS DE LONGITUD FIJA--INFORMACIÓN GENERAL
campo de control de longitud fija 041029s1984 sp ||||1| spa d
020 ## - NÚMERO INTERNACIONAL ESTÁNDAR DEL LIBRO
Número Internacional Estándar del Libro 84-321-2248-3
080 ## - NÚMERO DE LA CLASIFICACIÓN DECIMAL UNIVERSAL
Número de la Clasificación Decimal Universal 821.111-14"18"
100 1# - ENTRADA PRINCIPAL--NOMBRE DE PERSONA
Nombre de persona Hopkins, Gerard Manley.
9 (RLIN) 64168
245 13 - MENCIÓN DEL TÍTULO
Título El naufragio del Deutschland y otros poemas /
Mención de responsabilidad, etc. Gerard Manley Hopkins ; prólogo y traducción de Emilio del Río ; más cinco poemas en versión de Ángel Martínez Baigorri.
250 ## - MENCION DE EDICION
Mención de edición Ed. bilingüe.
260 ## - PUBLICACIÓN, DISTRIBUCIÓN, ETC.
Lugar de publicación, distribución, etc. Madrid :
Nombre del editor, distribuidor, etc. Rialp,
Fecha de publicación, distribución, etc. [1984]
300 ## - DESCRIPCIÓN FÍSICA
Extensión 100 p. ;
Dimensiones 18 cm.
490 1# - MENCIÓN DE SERIE
Mención de serie Adonais ;
Designación de volumen o secuencia 417-418
700 0# - ENTRADA AGREGADA--NOMBRE PERSONAL
Nombre de persona Río, Emilio del,
Fechas asociadas al nombre 1928-2022
9 (RLIN) 97300
700 0# - ENTRADA AGREGADA--NOMBRE PERSONAL
Nombre de persona Martínez Baigorri, Ángel,
Fechas asociadas al nombre 1899-1971
9 (RLIN) 77879
830 10 - PUNTO DE ACCESO ADICIONAL DE SERIE-TÍTULO UNIFORME
Título uniforme Adonáis
Designación de volumen o secuencia 417-418
9 (RLIN) 173743
852 4# - LOCALIZACIÓN
Ubicación ES-MaACL
Número de control de estantería J-23-417-418
Holdings
Estatus retirado Estado de pérdida Estado de daño No para préstamo Biblioteca de origen Biblioteca actual Ubicación en estantería Fecha de adquisición Fuente de adquisición Total de préstamos Signatura topográfica completa Código de barras Visto por última vez Precio de reemplazo Tipo de ítem Koha
        Biblioteca del Ateneo de Madrid Biblioteca del Ateneo de Madrid Depósito 2 17/01/2008     J-23-417-418 1084493 23/02/2023 23/02/2023 Libro impreso